Náklady, výnosy a výsledok hospodárenia rozpočtovej organizácie diplomová práca

Saved in:
Bibliographic Details
Main Author: Vaňko, Jozef
Corporate Author: Fakulta hospodárskej informatiky EU. Katedra účtovníctva a audítorstva
Other Authors: Kovalčíková, Antónia
Format: Book
Language:Slovak
Published: Bratislava 2011
Tags: Add Tag
No Tags, Be the first to tag this record!

MARC

LEADER 00000nbm a2200000 4500
001 0140779
005 20161109101949.7
041 0 |a slo 
044 |a SK 
245 1 0 |a Náklady, výnosy a výsledok hospodárenia rozpočtovej organizácie  |b diplomová práca  |c Jozef Vaňko ; školiteľ: Antónia Kovalčíková 
264 1 |a Bratislava  |c 2011 
300 |a 55 s. 
100 1 |a Vaňko, Jozef 
700 1 |a Kovalčíková, Antónia 
710 2 |a Fakulta hospodárskej informatiky EU. Katedra účtovníctva a audítorstva